Trabajo Social y Planteamientos de Educación /

Guardado en:
Detalles Bibliográficos
Autor principal: Rabí Rondon, Zoila (autor)
Formato: Libro
Idioma:Español
Publicado: Lima, Perú : 1982
Colección:(Cuadernos Celats ; 6)
Temas:
Etiquetas: Agrega una etiqueta
Sin etiquetas, Sé el primero en etiquetar este registro!

MARC

LEADER 00000nam^a2200000^a^4500
001 000016198
005 20250521000000.0
009 20260310084051.706
037 |a Acervo ITESO - Biblioteca 
041 |a ESP 
082 |a 307.  |b RAB 
100 |a Rabí Rondon, Zoila  |e (autor) 
245 1 0 |a Trabajo Social y Planteamientos de Educación /  |c Z. Rabí Rondon. 
264 1 |a Lima, Perú :  |c 1982 
300 |a 34 p. 
336 |a texto  |b txt  |2 rdacontenido 
337 |a sin mediación  |b n  |2 rdamedio 
338 |a volumen  |b nc  |2 rdasoporte 
440 1 |a (Cuadernos Celats ;  |v 6) 
649 |a XX 
650 |a Servicio Social Rural 
650 |a Cooperativas -  |x Administración 
650 |a Perú 
910 |a Fondo General 
920 |a Impresos - Libros 
930 |a Colección General 
905 |a 101 
901 |a 0161980100  |b IT1  |c ACC  |i 016198  |u 20250521 
902 |a https://opac.biblio.iteso.mx/vufind/Record/000016198